| 000 | 00808nam a2200217 i 4500 | ||
|---|---|---|---|
| 001 | 70482 | ||
| 003 | ES-MaACL | ||
| 005 | 20250913172219.0 | ||
| 007 | t| | ||
| 008 | 040726s1965 sp ||||1| spa d | ||
| 100 | 1 |
_aGarcía Valdecasas, Alfonso, _d1904-1993 _955354 |
|
| 245 | 1 | 0 |
_aPregunta y verdad / _cdiscurso de Alfonso García Valdecasas y García Valdecasas ; y contestación de Carlos Martínez de Campos y Serrano, duque de la Torre. |
| 260 |
_aMadrid : _b[s.n., _c1965] ( _fGráf. Valera) |
||
| 300 |
_a85 p. ; _c21 cm. |
||
| 594 | _aPrecede al tít.: Real Academia Española. | ||
| 650 | 4 |
_aVerdad. _917765 |
|
| 700 | 1 |
_aMartínez de Campos y Serrano, Carlos, _d1887-1975 _977985 |
|
| 710 | 2 |
_aReal Academia Española _96336 |
|
| 852 |
_aES-MaACL _jC-27073 |
||
| 999 |
_c70482 _d70482 |
||